000 00519nam a2200169Ia 4500
003 GCL
008 140319s9999 xx 000 0 ara d
040 _aGCL /
_cGCL
082 0 4 _aد
_b050
100 1 _aشفيق جبرى
245 1 0 _aالعناصر النفسية فى سياسة العرب (اقرا 37) /
_cشفيق جبرى
300 _a141 ص
490 _aوثائق ونصوص
_v0
650 0 4 _aعلم النفس السياسى
650 0 4 _aالتاريخ - الجوانب النفسية
942 _2ddc
_cCF
999 _c27209
_d27209